| 000 | 00777nam a22002292 4500 | ||
|---|---|---|---|
| 001 | 0000023248 | ||
| 005 | 20151021152609.0 | ||
| 008 | 120921s xx 000 0 eng d | ||
| 020 | _a0736712356 : | ||
| 040 |
_aKABU _cKABU |
||
| 100 | 1 |
_aCrawford, Leslie W. _@0000182605 |
|
| 245 | 1 | 0 |
_aStrategies for writers / _cLeslie W. Crawford, Rebecca Bowers Sipe. |
| 250 | _a1st ed. | ||
| 260 |
_aColumbus, Ohio : _bZaner-Bloser, _c2003. |
||
| 300 | _avarious pagings. | ||
| 650 | 0 |
_aEnglish language _xRhetoric _xProblems, exercises, etc. _@0000152058 |
|
| 650 | 0 |
_aReport writing _xProblems, exercises, etc. _@0000152059 |
|
| 700 | 1 |
_aSipe, Rebecca Bowers. _@0000182606 |
|
| 908 | _a120921 | ||
| 950 | _@1 | ||
| 999 |
_c1700 _d1700 |
||